000 01334nam a2200337Ia 4500
003 gtgcusco
005 20251013092645.0
008 250904t1991||||xx |||||||||||||| ||spa||
040 _agtgcusco
_bspa
_cgtgcusco
_dgtgcusco
041 _aspa
084 _aT1239
099 _aDonado Rodríguez, Debora Emilse
100 _aDonado Rodríguez, Debora Emilse
_915338
245 0 _aEfecto del extracto de cimbopogon citratos (té de limón) sobre la formación de placa bacteriana por el estreptococo mutans, estudio In Vitro /
_cDébora Emilse Donado Rodríguez. --
260 _aGuatemala :
_bUSAC,
_c1991.
300 _a46 p. :
_bil. ;
_c27 cm.
336 _atexto
_btxt
_2rdacontenido
337 _aSin mediación
_bn
_2rdamedio
338 _avolumen
_bnc
_2rdasoporte
502 _aTesis (Cirujano Dentista) -- Universidad de San Carlos de Guatemala, Facultad de Odontología. --
504 _a Bibliografía: p. 44-46.
650 0 2 _aBacteriología de la boca
_xPrevención
_917967
650 0 2 _aEstreptococos
_917968
650 0 2 _aEnfermedades periodontales
_xInvestigaciones
_917969
650 0 2 _aMedicina alternativa
_93347
650 0 2 _aSistemas terapéuticos
_96000
650 0 2 _aBotánica médica
_94222
650 0 2 _aNaturismo
_95999
942 _aBiblioteca Facultad de Odontología
_cTESIS
_kT1239
_2ddc
999 _c6621
_d6621